Bài giảng lập trình truyền thông

Đã lưu trong:
書目詳細資料
主要作者: Ngô, Bá Hùng
格式: 圖書
語言:Undetermined
出版: Cần Thơ Trường Đại Học Cần Thơ 2000
主題:
標簽: 添加標簽
沒有標簽, 成為第一個標記此記錄!
Thư viện lưu trữ: Trung tâm Học liệu Trường Đại học Cần Thơ
LEADER 00710nam a2200205Ia 4500
001 CTU_39103
008 210402s9999 xx 000 0 und d
082 |a 005.2 
082 |b H513 
100 |a Ngô, Bá Hùng 
245 0 |a Bài giảng lập trình truyền thông 
245 0 |c Ngô Bá Hùng, Nguyễn Công Huy 
260 |a Cần Thơ 
260 |b Trường Đại Học Cần Thơ 
260 |c 2000 
526 |a Lập trình mạng,Phát triển ứng dụng trên Linux 
526 |b CT221,CT206 
650 |a Computer networks,Java,World wide web ( information retrival system ) 
904 |i Minh 
980 |a Trung tâm Học liệu Trường Đại học Cần Thơ